Sobre impresión: de la pantalla al papel y viceversa
Enregistré dans:
| Auteur principal: | |
|---|---|
| Format: | Livre |
| Langue: | espagnol |
| Publié: |
Barcelona
Index Book S. L
2011
|
| Sujets: | |
| Tags: |
Ajouter un tag
Pas de tags, Soyez le premier à ajouter un tag!
|
MARC
| LEADER | 00000cam a2200000 a 4500 | ||
|---|---|---|---|
| 001 | UCF8455 | ||
| 003 | CL-VaPUC | ||
| 008 | 130829e20110000sp |||||||||||||||||spa|d | ||
| 020 | |a 9788492643400 | ||
| 082 | 0 | 4 | |a 686.23 |b BLA |2 21 |
| 100 | 0 | |a Blasco Soplon, Laia |e author |9 570524 | |
| 245 | 1 | 0 | |a Sobre impresión: de la pantalla al papel y viceversa |
| 300 | |a 251 p | ||
| 942 | |c BK | ||
| 945 | |d 20130829 16:45:00 |a dcastane | ||
| 260 | |a Barcelona |b Index Book S. L |c 2011 | ||
| 650 | 7 | |a IMPRESION |2 CL-VaPUC |9 266944 | |
| 650 | 0 | |a Tipografía |9 266998 | |
| 650 | 0 | |a Teoría del color |9 545404 | |
| 583 | |a last modification |c 20130829 16:45:00 |k Rodrigo Vera | ||
| 999 | |c 353026 |d 353024 | ||
| 952 | |0 0 |1 0 |3 erb |4 0 |6 686_230000000000000_BLA_2011 |7 0 |8 A |9 457870 |a BIBARQ |b BIBARQ |d 2019-11-23 |i 5001307 |l 2 |o 686.23 BLA 2011 |p 5001307 |r 2025-01-20 |s 2024-07-22 |w 2019-11-23 |y BK |z Catalogado en:20130829 |k ARQ | ||